|
|
|
|
| LEADER |
01834nam a2200433 i 4500 |
| 001 |
EBC5606077 |
| 003 |
MiAaPQ |
| 005 |
20200520144314.0 |
| 006 |
m o d | |
| 007 |
cr cnu|||||||| |
| 008 |
181222s2019 ne ob 000 0 eng d |
| 020 |
|
|
|z 9789004337077
|
| 020 |
|
|
|a 9789004387492 (e-book)
|
| 035 |
|
|
|a (MiAaPQ)EBC5606077
|
| 035 |
|
|
|a (Au-PeEL)EBL5606077
|
| 035 |
|
|
|a (OCoLC)1078556789
|
| 040 |
|
|
|a MiAaPQ
|b eng
|e rda
|e pn
|c MiAaPQ
|d MiAaPQ
|
| 050 |
|
4 |
|a HQ799.2.P6
|b .Y686 2019
|
| 082 |
0 |
|
|a 320.0835
|2 23
|
| 245 |
0 |
0 |
|a Young people and the politics of outrage and hope /
|c edited by Peter Kelly [and three others].
|
| 264 |
|
1 |
|a Leiden ;
|a Boston :
|b Brill,
|c [2019]
|
| 264 |
|
4 |
|c 2019
|
| 300 |
|
|
|a 1 online resource (335 pages).
|
| 336 |
|
|
|a text
|b txt
|2 rdacontent
|
| 337 |
|
|
|a computer
|b c
|2 rdamedia
|
| 338 |
|
|
|a online resource
|b cr
|2 rdacarrier
|
| 490 |
1 |
|
|a Youth in a globalizing world ;
|v Volume 7
|
| 504 |
|
|
|a Includes bibliographical references.
|
| 588 |
|
|
|a Description based on print version record.
|
| 590 |
|
|
|a Electronic reproduction. Ann Arbor, MI : ProQuest, 2018. Available via World Wide Web. Access may be limited to ProQuest affiliated libraries.
|
| 650 |
|
0 |
|a Youth
|x Political activity.
|
| 650 |
|
0 |
|a Youth
|x Social conditions
|y 21st century.
|
| 650 |
|
0 |
|a Youth
|x Economic conditions
|y 21st century.
|
| 655 |
|
4 |
|a Electronic books.
|
| 700 |
1 |
|
|a Kelly, Peter,
|d 1957-
|e editor.
|
| 776 |
0 |
8 |
|i Print version:
|t Young people and the politics of outrage and hope.
|d Leiden ; Boston : Brill, c2019
|h 335 pages
|k Youth in a globalizing world ; Volume 7.
|z 9789004337077
|w (DLC) 2018049042
|
| 797 |
2 |
|
|a ProQuest (Firm)
|
| 830 |
|
0 |
|a Youth in a globalizing world ;
|v Volume 7.
|x 2212-9383
|
| 856 |
4 |
0 |
|u https://ebookcentral.proquest.com/lib/matrademy/detail.action?docID=5606077
|z Click to View
|